[Event "22. Torneo Magistral de Elgoibar"]
[Site "Elgoibar ESP"]
[Date "2012.12.14"]
[Round "5.5"]
[White "Mirzoev, Azer"]
[Black "Cruz, Cristhian"]
[Result "1-0"]
[WhiteElo "2553"]
[BlackElo "2496"]
[PlyCount "123"]
[EventDate "2012.12.11"]
[EventType "tourn"]
[EventRounds "9"]
[EventCountry "ESP"]
[EventCategory "9"]
[Source "lmi"]
[SourceDate "2012.12.11"]

1. d4 e6 2. c4 Nf6 3. Nc3 Bb4 4. Qc2 O-O 5. a3 Bxc3+ 6. Qxc3 d5 7. Nf3 dxc4 8.
Qxc4 b6 9. Bg5 Ba6 10. Qa4 Bb7 11. e3 Nbd7 12. Rd1 h6 13. Bh4 Qc8 14. Be2 c5
15. O-O Bc6 16. Qa6 Bb7 17. Qd3 Be4 18. Qd2 Qb7 19. Ne1 cxd4 20. Qxd4 Rac8 21.
f3 e5 22. Qd6 Rc6 23. Qd2 Bd5 24. Nd3 e4 25. Nb4 Rc5 26. f4 Bc4 27. Bxc4 Rxc4
28. Rc1 Rfc8 29. Rxc4 Rxc4 30. h3 a5 31. Na2 Qd5 32. Rd1 Qh5 33. Bxf6 Nxf6 34.
Nc3 Qc5 35. a4 Kh7 36. Kh2 Qb4 37. Qe2 Qb3 38. Rd2 Rb4 39. Qa6 Qc4 40. Qxc4
Rxc4 41. g4 Rb4 42. Kg3 g5 43. h4 Kg7 44. hxg5 hxg5 45. fxg5 Ne8 46. Kf4 Nc7
47. Kf5 Na6 48. Nxe4 Nc5 49. Nf6 Ne6 50. g6 Nf8 51. Nh5+ Kg8 52. gxf7+ Kxf7 53.
Nf4 Rxa4 54. g5 Rb4 55. e4 Rb3 56. g6+ Kg7 57. e5 Rf3 58. Rd6 b5 59. Rb6 Rf2
60. Kg5 a4 61. Nh5+ Kg8 62. Nf6+ 1-0

[Event "22. Torneo Magistral de Elgoibar"]
[Site "Elgoibar ESP"]
[Date "2012.12.15"]
[Round "6.1"]
[White "Matnadze, Ana"]
[Black "Cruz, Cristhian"]
[Result "1/2-1/2"]
[WhiteElo "2401"]
[BlackElo "2496"]
[PlyCount "118"]
[EventDate "2012.12.11"]
[EventType "tourn"]
[EventRounds "9"]
[EventCountry "ESP"]
[EventCategory "9"]
[Source "lmi"]
[SourceDate "2012.12.11"]

1. d4 Nf6 2. Nf3 e6 3. g3 c5 4. Bg2 cxd4 5. Nxd4 d5 6. O-O e5 7. Nb3 Be6 8. c4
Nc6 9. cxd5 Nxd5 10. N1d2 h6 11. Ne4 Qb6 12. Nd6+ Bxd6 13. Bxd5 Bxd5 14. Qxd5
Rd8 15. Be3 Qa6 16. Nc5 Bxc5 17. Qxc5 Qxe2 18. b4 Qd3 19. Rad1 Qxd1 20. Rxd1
Rxd1+ 21. Kg2 a6 22. a4 f6 23. b5 axb5 24. axb5 Nd8 25. f4 Rd7 26. f5 Rf8 27.
Qc4 Rff7 28. Bb6 Kf8 29. Kh3 Ke8 30. Kg4 Rd6 31. Bc5 Kd7 32. Kf3 Re7 33. Bxd6
e4+ 34. Ke3 Kxd6 35. Qd4+ Kc7 36. b6+ Kc8 37. Qd6 Rd7 38. Qc5+ Nc6 39. Qf8+ Nd8
40. Kxe4 Rf7 41. Qa3 Kd7 42. Kd5 Re7 43. g4 Re5+ 44. Kd4 Nc6+ 45. Kd3 Re7 46.
h3 Ke8 47. Qa8+ Kf7 48. Qa2+ Kf8 49. Qa8+ Kf7 50. Kc4 Rd7 51. Kc5 Ne7 52. Qa2+
Kf8 53. Qa8+ Kf7 54. Qa2+ Kf8 55. Qe6 Rd8 56. Qe4 Rd5+ 57. Kc4 Rd7 58. Kc5 Rd5+
59. Kc4 Rd7 1/2-1/2

[Event "22. Torneo Magistral de Elgoibar"]
[Site "Elgoibar ESP"]
[Date "2012.12.15"]
[Round "6.2"]
[White "Etchegaray, Patrice"]
[Black "Mirzoev, Azer"]
[Result "1/2-1/2"]
[WhiteElo "2411"]
[BlackElo "2553"]
[PlyCount "150"]
[EventDate "2012.12.11"]
[EventType "tourn"]
[EventRounds "9"]
[EventCountry "ESP"]
[EventCategory "9"]
[Source "lmi"]
[SourceDate "2012.12.11"]

1. e4 e5 2. Nf3 Nc6 3. Bb5 a6 4. Ba4 Nf6 5. O-O Be7 6. Re1 b5 7. Bb3 d6 8. c3
O-O 9. d4 Bg4 10. d5 Na5 11. Bc2 c6 12. h3 Bh5 13. dxc6 Qc7 14. Nbd2 Rfd8 15.
Nf1 Nxc6 16. Ng3 Bg6 17. Nh4 Rac8 18. Ngf5 d5 19. Nxg6 hxg6 20. Nxe7+ Nxe7 21.
exd5 Nexd5 22. Qe2 b4 23. Bb3 bxc3 24. bxc3 a5 25. Bd2 e4 26. c4 Nf4 27. Bxf4
Qxf4 28. Rad1 Rxd1 29. Rxd1 g5 30. Qe3 g6 31. Rd4 Qe5 32. Bc2 Re8 33. g3 Kg7
34. Kg2 Qf5 35. Bd1 Rh8 36. Bg4 Qe5 37. Rd2 Rb8 38. c5 Rb1 39. Qd4 Qxd4 40.
Rxd4 Rc1 41. Bd1 Rxc5 42. Bb3 Kf8 43. Kf1 Ke7 44. Ke2 Re5 45. Ke3 Rf5 46. Ra4
Kf8 47. Rd4 g4 48. h4 Rf3+ 49. Ke2 e3 50. fxe3 Rxg3 51. Rf4 Kg7 52. e4 a4 53.
Bc4 Rg2+ 54. Kf1 Rd2 55. e5 Nd5 56. Bxd5 Rxd5 57. Rxa4 Rxe5 58. Rxg4 Kh6 59. a4
Re3 60. Rb4 Ra3 61. Kf2 f5 62. Kg2 Kh5 63. Kf2 Rh3 64. Kg2 Rc3 65. Kf2 Ra3 66.
Kg2 g5 67. hxg5 Kxg5 68. a5 Rxa5 69. Rb3 Kg4 70. Rb4+ f4 71. Rb3 Ra2+ 72. Kf1
Rc2 73. Ra3 Rb2 74. Rc3 f3 75. Rc8 Rb1+ 1/2-1/2

[Event "22. Torneo Magistral de Elgoibar"]
[Site "Elgoibar ESP"]
[Date "2012.12.15"]
[Round "6.3"]
[White "Velten, Paul"]
[Black "Strikovic, Aleksa"]
[Result "1-0"]
[WhiteElo "2369"]
[BlackElo "2509"]
[PlyCount "41"]
[EventDate "2012.12.11"]
[EventType "tourn"]
[EventRounds "9"]
[EventCountry "ESP"]
[EventCategory "9"]
[Source "lmi"]
[SourceDate "2012.12.11"]

1. d4 d6 2. Nf3 g6 3. e3 Bg7 4. Be2 f5 5. O-O Nf6 6. b4 e5 7. dxe5 Nfd7 8. Bb2
Nc6 9. Qc1 Ncxe5 10. Nxe5 dxe5 11. c4 O-O 12. c5 Qe7 13. Nd2 Nf6 14. a4 Nd5 15.
b5 Rd8 16. Rd1 Be6 17. Nc4 Bf7 18. Na5 Rab8 19. c6 b6 20. Nb7 Re8 21. Bc4 1-0

[Event "22. Torneo Magistral de Elgoibar"]
[Site "Elgoibar ESP"]
[Date "2012.12.15"]
[Round "6.5"]
[White "Astasio Lopez, David"]
[Black "Moskalenko, Viktor"]
[Result "0-1"]
[WhiteElo "2400"]
[BlackElo "2532"]
[PlyCount "110"]
[EventDate "2012.12.11"]
[EventType "tourn"]
[EventRounds "9"]
[EventCountry "ESP"]
[EventCategory "9"]
[Source "lmi"]
[SourceDate "2012.12.11"]

1. d4 f5 2. Nc3 d5 3. Bg5 g6 4. e3 Bg7 5. Bd3 c6 6. f4 Be6 7. Nf3 Nd7 8. O-O
Bf6 9. Qe1 Bf7 10. b3 Bxg5 11. Nxg5 Ngf6 12. Na4 h6 13. Nf3 O-O 14. c4 b6 15.
c5 bxc5 16. Nxc5 Nxc5 17. dxc5 a5 18. Qc3 Nd7 19. Nd4 Qc7 20. Bxf5 gxf5 21.
Nxf5 Nf6 22. Nxh6+ Kh7 23. Nf5 Bg6 24. Nd4 Ne4 25. Qe1 Rf6 26. Qh4+ Kg7 27. Qg4
Kh8 28. f5 Bh7 29. Ne6 Rxe6 30. fxe6 Qe5 31. Rac1 Rg8 32. Qf4 Qxe6 33. Rf3 Kg7
34. a3 Bg6 35. Rcf1 Nf6 36. b4 axb4 37. axb4 Kf7 38. Rg3 Rh8 39. Rg5 Qe4 40.
Qg3 Rh5 41. Rg4 Qd3 42. b5 Rf5 43. Rxf5 Bxf5 44. Rg7+ Kf8 45. h3 Qxb5 46. Rg5
Be4 47. h4 Qxc5 48. h5 Qd6 49. Qh3 d4 50. exd4 Qxd4+ 51. Kh2 Qd6+ 52. Kh1 Qf4
53. Ra5 Ng4 54. Ra8+ Kf7 55. Qb3+ Bd5 0-1

[Event "22. Torneo Magistral de Elgoibar"]
[Site "Elgoibar ESP"]
[Date "2012.12.15"]
[Round "7.1"]
[White "Moskalenko, Viktor"]
[Black "Matnadze, Ana"]
[Result "1/2-1/2"]
[WhiteElo "2532"]
[BlackElo "2401"]
[PlyCount "66"]
[EventDate "2012.12.11"]
[EventType "tourn"]
[EventRounds "9"]
[EventCountry "ESP"]
[EventCategory "9"]
[Source "lmi"]
[SourceDate "2012.12.11"]

1. d4 Nf6 2. c4 e6 3. Nf3 b6 4. e3 Bb7 5. Bd3 Bb4+ 6. Nbd2 O-O 7. a3 Bxd2+ 8.
Bxd2 Ne4 9. Bxe4 Bxe4 10. Bc3 d5 11. cxd5 Qxd5 12. O-O Nd7 13. Ne1 c5 14. f3
Bg6 15. e4 Qb7 16. Nd3 cxd4 17. Bxd4 Rfd8 18. Qe2 Qa6 19. Rfd1 Nf8 20. Bc3 f6
21. Bb4 Be8 22. Nf4 Qxe2 23. Nxe2 Ng6 24. Kf2 Ne5 25. Bc3 Nd3+ 26. Ke3 Nc5 27.
Bb4 Nb3 28. Rab1 Kf7 29. Nd4 Nxd4 30. Rxd4 Rxd4 31. Kxd4 Rc8 32. Bc3 h5 33. h4
Bb5 1/2-1/2

[Event "22. Torneo Magistral de Elgoibar"]
[Site "Elgoibar ESP"]
[Date "2012.12.15"]
[Round "7.2"]
[White "Batsiashvili, Nino"]
[Black "Astasio Lopez, David"]
[Result "1-0"]
[WhiteElo "2425"]
[BlackElo "2400"]
[PlyCount "99"]
[EventDate "2012.12.11"]
[EventType "tourn"]
[EventRounds "9"]
[EventCountry "ESP"]
[EventCategory "9"]
[Source "lmi"]
[SourceDate "2012.12.11"]

1. d4 d5 2. c4 c6 3. Nf3 Nf6 4. e3 e6 5. b3 Nbd7 6. Bb2 Bd6 7. Bd3 Ne4 8. O-O
O-O 9. Ne5 f5 10. f4 Qe7 11. a4 Ndf6 12. Ba3 c5 13. Bb2 Bd7 14. Nc3 cxd4 15.
exd4 Nxc3 16. Bxc3 Ne4 17. Bb2 a5 18. Qc1 Bxe5 19. fxe5 Rfc8 20. Ba3 Qh4 21.
Qe3 Bc6 22. Rf4 Qh6 23. h4 dxc4 24. bxc4 Qg6 25. Ra2 Bxa4 26. Rxe4 fxe4 27.
Bxe4 Qf7 28. Qd3 h6 29. Rf2 Qd7 30. Qg3 Rf8 31. Qg6 Rf5 32. Bxf5 exf5 33. d5
Bb3 34. e6 Qe8 35. Qxe8+ Rxe8 36. d6 Ba4 37. d7 Bxd7 38. exd7 Rd8 39. Rd2 Kf7
40. h5 Ke6 41. Rd6+ Ke7 42. Rd5+ Ke6 43. Bb2 b5 44. Rxb5 Rxd7 45. Re5+ Kf7 46.
Rxf5+ Ke6 47. Re5+ Kf7 48. Rxa5 Rc7 49. c5 Ke6 50. Ra6+ 1-0

[Event "22. Torneo Magistral de Elgoibar"]
[Site "Elgoibar ESP"]
[Date "2012.12.15"]
[Round "7.3"]
[White "Strikovic, Aleksa"]
[Black "Gonzalez De La Torre, Santiago"]
[Result "1-0"]
[WhiteElo "2509"]
[BlackElo "2435"]
[PlyCount "63"]
[EventDate "2012.12.11"]
[EventType "tourn"]
[EventRounds "9"]
[EventCountry "ESP"]
[EventCategory "9"]
[Source "lmi"]
[SourceDate "2012.12.11"]

1. Nf3 Nf6 2. c4 c6 3. d4 d5 4. Nc3 a6 5. c5 Bf5 6. Qb3 Qc8 7. Bf4 Nbd7 8. h3
h6 9. g4 Bg6 10. Bg2 e6 11. Ne5 Nxe5 12. Bxe5 Nd7 13. Bg3 Be7 14. e4 O-O 15.
O-O dxe4 16. Nxe4 Bxe4 17. Bxe4 Nf6 18. Bc2 Rd8 19. Rad1 Rd5 20. Rfe1 Bd8 21.
Be5 Bc7 22. Bxf6 gxf6 23. Qd3 f5 24. Bb3 fxg4 25. Bxd5 exd5 26. Re7 Kg7 27.
Rde1 Bf4 28. h4 Rb8 29. h5 Kf6 30. Rxf7+ Kxf7 31. Qh7+ Kf8 32. Re7 1-0

[Event "22. Torneo Magistral de Elgoibar"]
[Site "Elgoibar ESP"]
[Date "2012.12.15"]
[Round "7.5"]
[White "Cruz, Cristhian"]
[Black "Etchegaray, Patrice"]
[Result "1-0"]
[WhiteElo "2496"]
[BlackElo "2411"]
[PlyCount "65"]
[EventDate "2012.12.11"]
[EventType "tourn"]
[EventRounds "9"]
[EventCountry "ESP"]
[EventCategory "9"]
[Source "lmi"]
[SourceDate "2012.12.11"]

1. d4 Nf6 2. Nf3 b6 3. Bg5 Bb7 4. Bxf6 gxf6 5. e3 e6 6. c4 f5 7. Nc3 Rg8 8. g3
Bb4 9. Rc1 Qf6 10. Bg2 Nc6 11. O-O O-O-O 12. Ne2 Bf8 13. Nf4 Kb8 14. a3 Bh6 15.
d5 Ne5 16. Nxe5 Qxe5 17. b4 d6 18. a4 Qf6 19. a5 e5 20. Ne2 f4 21. exf4 exf4
22. Rc3 Rde8 23. Nd4 fxg3 24. hxg3 Bg7 25. Rd3 bxa5 26. bxa5 a6 27. Nc6+ Ka8
28. Rf3 Qb2 29. Rxf7 Bxc6 30. dxc6 Bd4 31. Qf3 Qb8 32. Qd3 Qb2 33. c5 1-0

[Event "22. Torneo Magistral de Elgoibar"]
[Site "Elgoibar ESP"]
[Date "2012.12.16"]
[Round "8.1"]
[White "Matnadze, Ana"]
[Black "Etchegaray, Patrice"]
[Result "1/2-1/2"]
[WhiteElo "2401"]
[BlackElo "2411"]
[PlyCount "84"]
[EventDate "2012.12.11"]
[EventType "tourn"]
[EventRounds "9"]
[EventCountry "ESP"]
[EventCategory "9"]
[Source "lmi"]
[SourceDate "2012.12.11"]

1. d4 Nf6 2. g3 g6 3. Bg2 Bg7 4. Nf3 O-O 5. O-O d6 6. c4 Nc6 7. Nc3 a6 8. d5
Na5 9. Nd2 c5 10. Rb1 Rb8 11. b3 b5 12. Bb2 bxc4 13. bxc4 Bh6 14. Ba1 Bf5 15.
e4 Bg4 16. f3 Be3+ 17. Kh1 Bd7 18. Nb3 Nxb3 19. axb3 a5 20. Ne2 a4 21. bxa4
Rxb1 22. Qxb1 Bxa4 23. Qb2 Qb8 24. e5 Qxb2 25. Bxb2 dxe5 26. Ra1 Bc2 27. Bxe5
Nd7 28. Bf4 Bxf4 29. Nxf4 Rb8 30. Ra7 Rb1+ 31. Bf1 Ne5 32. Rxe7 Nxc4 33. Kg2
Kf8 34. d6 Nxd6 35. Rc7 Bd1 36. Rxc5 Bxf3+ 37. Kxf3 Rxf1+ 38. Kg2 Rf2+ 39. Kxf2
Ne4+ 40. Kf3 Nxc5 41. h4 Ne6 42. Nd5 Kg7 1/2-1/2

[Event "22. Torneo Magistral de Elgoibar"]
[Site "Elgoibar ESP"]
[Date "2012.12.16"]
[Round "8.2"]
[White "Velten, Paul"]
[Black "Cruz, Cristhian"]
[Result "0-1"]
[WhiteElo "2369"]
[BlackElo "2496"]
[PlyCount "54"]
[EventDate "2012.12.11"]
[EventType "tourn"]
[EventRounds "9"]
[EventCountry "ESP"]
[EventCategory "9"]
[Source "lmi"]
[SourceDate "2012.12.11"]

1. d4 e6 2. g3 Nf6 3. Bg2 d5 4. Nf3 Be7 5. O-O O-O 6. b3 b6 7. Bb2 Bb7 8. Nbd2
Nbd7 9. c4 c5 10. Rc1 Rc8 11. e3 Rc7 12. Qe2 Re8 13. Rc2 Qa8 14. Rfc1 dxc4 15.
Nxc4 cxd4 16. Bxd4 Rec8 17. Ne1 Bxg2 18. Nxg2 Nd5 19. Ne5 Rxc2 20. Rxc2 Nxe5
21. Bxe5 Nb4 22. Qg4 Bf8 23. Rxc8 Qxc8 24. Nf4 Qc1+ 25. Kg2 Qc6+ 26. Kh3 Qb5
27. Nxe6 Nd3 0-1

[Event "22. Torneo Magistral de Elgoibar"]
[Site "Elgoibar ESP"]
[Date "2012.12.16"]
[Round "8.3"]
[White "Gonzalez De La Torre, Santiago"]
[Black "Mirzoev, Azer"]
[Result "1/2-1/2"]
[WhiteElo "2435"]
[BlackElo "2553"]
[PlyCount "128"]
[EventDate "2012.12.11"]
[EventType "tourn"]
[EventRounds "9"]
[EventCountry "ESP"]
[EventCategory "9"]
[Source "lmi"]
[SourceDate "2012.12.11"]

1. d4 d5 2. c4 dxc4 3. Nf3 a6 4. e3 Bg4 5. Bxc4 e6 6. d5 Nf6 7. dxe6 Qxd1+ 8.
Kxd1 Bxe6 9. Bxe6 fxe6 10. Ke2 Nc6 11. Ng5 Nd8 12. Nc3 Be7 13. Bd2 O-O 14. f3
Nd7 15. Nge4 c5 16. Rhd1 Nc6 17. Be1 Rfd8 18. Bg3 Nf6 19. Ng5 e5 20. Ne6 Rxd1
21. Rxd1 Kf7 22. Ng5+ Ke8 23. Na4 b5 24. Ne6 Rc8 25. Nb6 Rb8 26. Nd5 Nxd5 27.
Rxd5 Kf7 28. Nxc5 Nb4 29. Nd7 Rc8 30. Nxe5+ Ke6 31. Rd2 Nxa2 32. Nd3 Nc1+ 33.
Kd1 Nxd3 34. Rxd3 a5 35. e4 a4 36. Rd5 b4 37. Ra5 a3 38. bxa3 bxa3 39. Ra6+ Kf7
40. Be5 g6 41. h4 h5 42. Kd2 Rd8+ 43. Ke2 Rc8 44. Kd2 Rd8+ 45. Ke3 Rc8 46. g3
Rd8 47. Bd4 Rd6 48. Ra7 Rc6 49. f4 Rc1 50. f5 gxf5 51. exf5 Kf8 52. Ke4 Re1+
53. Kd5 Rd1 54. Ra8+ Kf7 55. Ra7 Kf8 56. Ke4 Re1+ 57. Kd3 Rf1 58. f6 Bxf6 59.
Bc5+ Kg8 60. Rxa3 Rf3+ 61. Ke4 Rxa3 62. Bxa3 Kf7 63. Kf5 Bd8 64. Bd6 Bf6
1/2-1/2

[Event "22. Torneo Magistral de Elgoibar"]
[Site "Elgoibar ESP"]
[Date "2012.12.16"]
[Round "8.4"]
[White "Astasio Lopez, David"]
[Black "Strikovic, Aleksa"]
[Result "1-0"]
[WhiteElo "2400"]
[BlackElo "2509"]
[PlyCount "103"]
[EventDate "2012.12.11"]
[EventType "tourn"]
[EventRounds "9"]
[EventCountry "ESP"]
[EventCategory "9"]
[Source "lmi"]
[SourceDate "2012.12.11"]

1. d4 d6 2. Nf3 Nf6 3. Nbd2 g6 4. e4 Bg7 5. Bc4 O-O 6. O-O Nxe4 7. Nxe4 d5 8.
Bd3 dxe4 9. Bxe4 Nd7 10. c3 c5 11. Be3 Nf6 12. Bc2 Nd5 13. dxc5 Nxe3 14. Qxd8
Rxd8 15. fxe3 Bd7 16. Be4 Rac8 17. Bxb7 Rxc5 18. Rad1 Rc7 19. Bd5 e6 20. Bb3
Rb8 21. Rd2 Be8 22. Rc1 Rcb7 23. Rcc2 Bc6 24. Rd6 Be8 25. Ra6 Bf8 26. Ra5 Be7
27. c4 Bb4 28. Ra6 Bc5 29. Kf2 Kg7 30. Ke2 h6 31. Ne5 Bb6 32. h3 f6 33. Nd3 e5
34. Ba4 Bf7 35. h4 e4 36. Nf4 Rc8 37. Nd5 Bxd5 38. cxd5 Rxc2+ 39. Bxc2 f5 40.
Ba4 Rf7 41. d6 Kf8 42. Bc6 f4 43. exf4 Rxf4 44. a4 Rf2+ 45. Ke1 Rxb2 46. a5
Bf2+ 47. Kf1 Bxh4 48. Rxa7 Ra2 49. a6 Rf2+ 50. Kg1 Ra2 51. Ra8+ Kg7 52. a7 1-0

[Event "22. Torneo Magistral de Elgoibar"]
[Site "Elgoibar ESP"]
[Date "2012.12.16"]
[Round "8.5"]
[White "Moskalenko, Viktor"]
[Black "Batsiashvili, Nino"]
[Result "1-0"]
[WhiteElo "2532"]
[BlackElo "2425"]
[PlyCount "133"]
[EventDate "2012.12.11"]
[EventType "tourn"]
[EventRounds "9"]
[EventCountry "ESP"]
[EventCategory "9"]
[Source "lmi"]
[SourceDate "2012.12.11"]

1. c4 e5 2. Nc3 Nc6 3. g3 g6 4. Bg2 Bg7 5. e4 d6 6. Nge2 h5 7. h4 Be6 8. d3 Qd7
9. Nd5 Nd8 10. d4 c6 11. Ne3 exd4 12. Nxd4 Nf6 13. b3 O-O 14. Bb2 Re8 15. Qd2
Qe7 16. O-O Bd7 17. Rfe1 Ng4 18. Nxg4 hxg4 19. Rad1 Be5 20. Ne2 Bc8 21. Nf4 Ne6
22. Nd3 f6 23. b4 c5 24. bxc5 Nxc5 25. Bxe5 fxe5 26. Nb4 Be6 27. Qxd6 Qxd6 28.
Rxd6 Kg7 29. Nd5 Rac8 30. Ne3 b6 31. Red1 Rc7 32. Rd8 Rxd8 33. Rxd8 Nb7 34. Ra8
Na5 35. Bf1 Bxc4 36. Nxc4 Nxc4 37. Bxc4 Rxc4 38. Rxa7+ Kf6 39. Ra6 Rxe4 40.
Rxb6+ Kf5 41. Kf1 Ra4 42. Rb2 Ra3 43. Ke1 g5 44. h5 Ra6 45. Rd2 Ra3 46. Kd1 Kf6
47. Kc1 Kg7 48. Re2 e4 49. Kb2 Rf3 50. a4 Kh6 51. Kb1 e3 52. Rxe3 Rxf2 53. Ra3
Kxh5 54. a5 Rf3 55. Kb2 Rf2+ 56. Kb3 Rf3+ 57. Kb4 Rf6 58. Ra1 Re6 59. Rc1 Kg6
60. Rc2 Re4+ 61. Rc4 Re1 62. Kb5 Re5+ 63. Kb4 Re1 64. a6 Ra1 65. Kb5 Ra3 66.
Ra4 Rb3+ 67. Ka5 1-0

[Event "22. Torneo Magistral de Elgoibar"]
[Site "Elgoibar ESP"]
[Date "2012.12.17"]
[Round "9.1"]
[White "Batsiashvili, Nino"]
[Black "Matnadze, Ana"]
[Result "1/2-1/2"]
[WhiteElo "2425"]
[BlackElo "2401"]
[PlyCount "22"]
[EventDate "2012.12.11"]
[EventType "tourn"]
[EventRounds "9"]
[EventCountry "ESP"]
[EventCategory "9"]
[Source "lmi"]
[SourceDate "2012.12.11"]

1. d4 Nf6 2. c4 e6 3. Nc3 d5 4. Nf3 Nbd7 5. cxd5 exd5 6. Bg5 c6 7. e3 Be7 8.
Bd3 h6 9. Bf4 O-O 10. h3 Re8 11. Qc2 Nf8 1/2-1/2

[Event "22. Torneo Magistral de Elgoibar"]
[Site "Elgoibar ESP"]
[Date "2012.12.17"]
[Round "9.4"]
[White "Cruz, Cristhian"]
[Black "Gonzalez De La Torre, Santiago"]
[Result "1/2-1/2"]
[WhiteElo "2496"]
[BlackElo "2435"]
[PlyCount "43"]
[EventDate "2012.12.11"]
[EventType "tourn"]
[EventRounds "9"]
[EventCountry "ESP"]
[EventCategory "9"]
[Source "lmi"]
[SourceDate "2012.12.11"]

1. Nf3 d5 2. e3 Nf6 3. c4 g6 4. b4 Bg7 5. Bb2 c6 6. cxd5 cxd5 7. Be2 O-O 8. d3
Nc6 9. a3 b5 10. Nbd2 Bg4 11. Rc1 Qd6 12. O-O Rfc8 13. Nb3 a6 14. Qd2 h5 15. h3
Bxf3 16. Bxf3 e5 17. Rc5 Ne7 18. Rxc8+ Rxc8 19. Rc1 Rxc1+ 20. Qxc1 Nd7 21. Qc2
Kf8 22. Be2 1/2-1/2

[Event "22. Torneo Magistral de Elgoibar"]
[Site "Elgoibar ESP"]
[Date "2012.12.17"]
[Round "9.5"]
[White "Etchegaray, Patrice"]
[Black "Velten, Paul"]
[Result "1/2-1/2"]
[WhiteElo "2411"]
[BlackElo "2369"]
[PlyCount "25"]
[EventDate "2012.12.11"]
[EventType "tourn"]
[EventRounds "9"]
[EventCountry "ESP"]
[EventCategory "9"]
[Source "lmi"]
[SourceDate "2012.12.11"]

1. d4 d5 2. c4 c6 3. Nc3 Nf6 4. cxd5 cxd5 5. Nf3 Nc6 6. Bf4 Bf5 7. e3 e6 8. Bd3
Bxd3 9. Qxd3 Bd6 10. Bxd6 Qxd6 11. O-O O-O 12. Rfc1 Rfc8 13. h3 1/2-1/2